Elaboración y validación de dos métodos de calibración para laboratorios de metrología de tercera parte : uno para manómetros y otro para termopares con o sin indicador; cumpliendo con los requisitos aplicables de la cláusula 5.4 de la norma INTE ISO/IEC 17025:2000
Guardado en:
| Hovedforfatter: | |
|---|---|
| Format: | Bog |
| Udgivet: |
San José, C.R
2005
|
| Fag: | |
| Tags: |
Tilføj Tag
Ingen Tags, Vær først til at tagge denne postø!
|
MARC
| LEADER | 00000nam a2200000Ia 4500 | ||
|---|---|---|---|
| 003 | 009629 | ||
| 005 | 20221231144126.0 | ||
| 008 | 140114s2005 cr a m 000 ||s d | ||
| 040 | |c cru CEDI | ||
| 090 | |a TFG 5168 | ||
| 100 | |a Oconitrillo Sánchez, Laura |9 5802 | ||
| 245 | |a Elaboración y validación de dos métodos de calibración para laboratorios de metrología de tercera parte : uno para manómetros y otro para termopares con o sin indicador; cumpliendo con los requisitos aplicables de la cláusula 5.4 de la norma INTE ISO/IEC 17025:2000 | ||
| 260 | |c 2005 |a San José, C.R | ||
| 300 | |a x, 112, [60] hojas : ilustraciones (algunas a color) | ||
| 500 | |a Proyecto de graduación (licenciatura en ingeniería química)--Universidad de Costa Rica. Facultad de Ingeniería. Escuela de Ingeniería Química | ||
| 650 | |x CALIBRACION |x MEDICIONES |x MAMOMETROS DE PRESION DE VAPOR |x APARATOS Y ACCESORIOS |9 5803 | ||
| 942 | |c TFG | ||
| 999 | |c 17255 |d 17255 | ||
